000 01448nam a22002417a 4500
003 DO-SdBJH
005 20240605140259.0
008 240605b |||||||| |||| 00| 0 spa d
040 _aDO-SdBJH
_bspa
_cDO-SdBJH
090 _aTG EGAEE
_b02056 2022
100 1 _aAdames Torres, Sheiner
_esustentante
245 1 0 _aRetos de la Armada de República Dominicana conforme a la Ley que declara la nación como estado archipelágico, estudio prospectivo año 2023 /
_cSheiner Adames Torres, Nilso Ramón Batista Almonte, asesores Johany Josefina Acevedo Cabrera, Adriano Silverio
260 _aSanto Domingo :
_bINSUDE,
_c2022
300 _avi, 73 páginas
502 _aTesis (Maestría en Defensa y Seguridad Nacional). -- Instituto Superior para la Defensa (INSUDE). Escuela de Graduados de Altos Estudios Estratégico, 2022
504 _aIncluye referencias bibliográficas e índices
505 _aAntecedentes de la declaratoria de República Dominicana como estado archipelágico. -- Situación actual de la Armada de República Dominicana. -- Retos institucionales de la Armada frente a la declaratoria de República Dominicana como estado Archipelágico
700 1 _aBatista Almonte, Nilso Ramón
_esustentante
700 1 _aAcevedo Cabrera, Johany Josefina
_easesor
700 1 _aSilverio, Adriano
_easesor
830 _aINSUDE. Escuela de Graduados de Altos Estudios Estratégico. Tesis y disertaciones académicas
942 _2CL
_cT
999 _c7745
_d7745